Cult religion and society: (Record no. 227608)
[ view plain ]
| 000 -LEADER | |
|---|---|
| fixed length control field | 01631nam a22002777a 4500 |
| 005 - DATE AND TIME OF LATEST TRANSACTION | |
| control field | 20230622095449.0 |
| 008 - FIXED-LENGTH DATA ELEMENTS--GENERAL INFORMATION | |
| fixed length control field | 230622b ||||| |||| 00| 0 eng d |
| 020 ## - INTERNATIONAL STANDARD BOOK NUMBER | |
| International Standard Book Number | 8131603296 |
| 040 ## - CATALOGING SOURCE | |
| Transcribing agency | AL |
| 041 ## - LANGUAGE CODE | |
| Language code of text/sound track or separate title | eng |
| 082 ## - DEWEY DECIMAL CLASSIFICATION NUMBER | |
| Edition number | 23 |
| Classification number | 294.52 |
| Item number | BHAC |
| 100 ## - MAIN ENTRY--PERSONAL NAME | |
| Personal name | G S Bhatt |
| 100 ## - MAIN ENTRY--PERSONAL NAME | |
| 9 (RLIN) | 124511 |
| 245 ## - TITLE STATEMENT | |
| Title | Cult religion and society: |
| Remainder of title | Polyandrous people of western Himalayas |
| 260 ## - PUBLICATION, DISTRIBUTION, ETC. | |
| Place of publication, distribution, etc. | Jaipur |
| Name of publisher, distributor, etc. | Rawat Publications |
| Date of publication, distribution, etc. | 2010 |
| 300 ## - PHYSICAL DESCRIPTION | |
| Extent | xii,420p. |
| Other physical details | HB |
| Dimensions | 22x14cm. |
| 365 ## - TRADE PRICE | |
| Source of price type code | Religion |
| Price amount | 580.00 |
| Currency code | ₹ |
| Unit of pricing | 580.00 |
| 520 ## - SUMMARY, ETC. | |
| Summary, etc. | This anthropological study is an outcome of the author's lifelong involvement with the people and culture of Rawain-Jaunpur in India. The book not only studies the religious phenomenon of the Mahasu from a sociological perspective, but also beautifully highlights the life of the ordinary man of the region, as it is woven in and around their Devta - the Mahasu. Cult, Religion and Society brings out the continuity and deep-rootedness of the Indian cultural stream. It highlights the linkage between the local beliefs and practices with the Sanskritic tradition. The book describes heritage and identity through the concept of unity in diversity, underlying the main idea that unity is attitudinal but diversity is real. Thus, it provides a seasoned reorientation to many methodological issues associated with sociology of religion. |
| 650 ## - SUBJECT ADDED ENTRY--TOPICAL TERM | |
| Topical term or geographic name entry element | Mahasu Desh |
| 9 (RLIN) | 124504 |
| 650 ## - SUBJECT ADDED ENTRY--TOPICAL TERM | |
| Topical term or geographic name entry element | Mahasu Katha |
| 9 (RLIN) | 124505 |
| 650 ## - SUBJECT ADDED ENTRY--TOPICAL TERM | |
| Topical term or geographic name entry element | Mangaing the Cult |
| 9 (RLIN) | 124506 |
| 650 ## - SUBJECT ADDED ENTRY--TOPICAL TERM | |
| Topical term or geographic name entry element | Social Structure |
| 9 (RLIN) | 124507 |
| 650 ## - SUBJECT ADDED ENTRY--TOPICAL TERM | |
| Topical term or geographic name entry element | Mahasu Devta |
| 9 (RLIN) | 124508 |
| 650 ## - SUBJECT ADDED ENTRY--TOPICAL TERM | |
| Topical term or geographic name entry element | Mahasu Puja |
| 9 (RLIN) | 124509 |
| 700 ## - ADDED ENTRY--PERSONAL NAME | |
| Personal name | BHATT (G S) |
| 9 (RLIN) | 124510 |
| 942 ## - ADDED ENTRY ELEMENTS (KOHA) | |
| Source of classification or shelving scheme | Dewey Decimal Classification |
| Koha item type | Donated Books |
| Withdrawn status | Lost status | Source of classification or shelving scheme | Damaged status | Not for loan | Collection code | Home library | Current library | Date acquired | Total Checkouts | Full call number | Barcode | Date last seen | Cost, replacement price | Price effective from | Koha item type |
|---|---|---|---|---|---|---|---|---|---|---|---|---|---|---|---|
| Dewey Decimal Classification | Others | St Aloysius Library | St Aloysius Library | 06/16/2023 | 294.52 BHAC | D05878 | 06/22/2023 | 580.00 | 06/22/2023 | Donated Books |